Railway accidents; (Record no. 74220)

MARC details
000 -LEADER
fixed length control field 00967cam a22002291 4500
001 - CONTROL NUMBER
control field sa 67004000
003 - CONTROL NUMBER IDENTIFIER
control field DLC
005 - DATE AND TIME OF LATEST TRANSACTION
control field 20260227112343.0
008 - FIXED-LENGTH DATA ELEMENTS--GENERAL INFORMATION
fixed length control field 780809s1951 ii ae f000 0 eng
010 ## - LIBRARY OF CONGRESS CONTROL NUMBER
LC control number sa 67004000
035 ## - SYSTEM CONTROL NUMBER
System control number (OCoLC)4123119
040 ## - CATALOGING SOURCE
Original cataloging agency DLC
Transcribing agency MnU
Modifying agency DLC
042 ## - AUTHENTICATION CODE
Authentication code premarc
050 00 - LIBRARY OF CONGRESS CALL NUMBER
Classification number HE1783.I4
Item number A54
110 1# - MAIN ENTRY--CORPORATE NAME
Corporate name or jurisdiction name as entry element India (Republic).
Subordinate unit Railway Inspectorate.
245 10 - TITLE STATEMENT
Title Railway accidents;
Remainder of title report on the derailment of 1 down Calcutta Mail at mile 48/4-5 between Tada and Sullurupeta stations on the North East line of the M. & S. M. Railway on 3rd March, 1950.
260 ## - PUBLICATION, DISTRIBUTION, ETC.
Place of publication, distribution, etc. Delhi,
Name of publisher, distributor, etc. Manager of Publications,
Date of publication, distribution, etc. 1951.
300 ## - PHYSICAL DESCRIPTION
Extent 28 p.
Other physical details illus., fold. plan.
Dimensions 34 cm.
500 ## - GENERAL NOTE
General note Cover title.
650 #0 - SUBJECT ADDED ENTRY--TOPICAL TERM
Topical term or geographic name entry element Railroad accidents
Geographic subdivision India
Form subdivision Case studies.
740 0# - ADDED ENTRY--UNCONTROLLED RELATED/ANALYTICAL TITLE
Uncontrolled related/analytical title Report on the derailment of 1 down Calcutta Mail at mile 48/4-5 between Tada and Sullurupeta stations on the North East line of the M. & S. M. Railway on 3rd March, 1950.

No items available.

Powered by Koha